LEADER 00892nam a2200205 4500 001 000000367501 003 CaOOAMICUS 005 20260428122811.0 008 260428s1982 gw 000 u lat r 040 $aSeMil$bita 245 00$aGesta Pontificum Romanorum. 264 1$aMünchen :$bMonumenta Germaniae Historica,$c1982. 300 $av. ;$c30 cm 650 4$aPapato - Storia - Fonti.$0(OLS)http://semarc/subject/60125 650 4$aPapi - Repertori.$0(OLS)http://semarc/subject/39804 773 0 $tMonumenta Germaniae Historica.$dMünchen : Monumenta Germaniae Historica, 1978-$w()9162 774 0 $t1.1: Liber Pontificalis.$dMünchen : Monumenta Germaniae Historica, 1982.$z3-88612-000-7$w()367502 996 $6245$aGesta Pontificum Romanorum$9(OLS)http://semarc/title/459451 996 $6264$aMünchen :$bMonumenta Germaniae Historica$9(OLS)http://semarc/publisher/31271